| 000 | 00360nam a22001577a 4500 | ||
|---|---|---|---|
| 003 | SGT | ||
| 020 | _a978-93-88108-44-7 | ||
| 082 |
_a615 _bU19T |
||
| 100 | _aTIWARI, RAVI KANT | ||
| 245 | _aUNDERSTANDING EXPERIMENTAL PHARMACOLOGY | ||
| 250 | _a1ST | ||
| 260 |
_aINDIA _bCBS PUB _c2019 |
||
| 300 | _a155 | ||
| 650 | _aPHARMACOLOGY | ||
| 942 |
_2ddc _cBK _01 |
||
| 999 |
_c18653 _d18653 |
||